Statistics for 2010s McDonald's All-American Boys Rosters

Click here to take the quiz!

General Stats

  • This quiz has been taken 4 times
  • The average score is 68 of 239

Answer Stats

YearPlayerCollegeCurrent Team / Status% Correct
2018Jalen SmithMarylandIndiana Pacers
100%
2010Joshua SmithUCLA / GeorgetownNagoya Diamond Dolphins - Japan
100%
2010Tristan ThompsonTexasCleveland Cavaliers
100%
2011Amir WilliamsOhio StateRetired
75%
2016Andrew JonesTexasSC Rasta Vechta - Germany
75%
2013Andrew WigginsKansasGolden State Warriors
75%
2011Anthony DavisKentuckyLos Angeles Lakers
75%
2019Anthony EdwardsGeorgiaMinnesota Timberwolves
75%
2015Ben SimmonsLSUBrooklyn Nets
75%
2014Cliff AlexanderKansasBeirut Club - Lebanon
75%
2013Dakari JohnsonKentuckyAnhui Oriental Dragons - China
75%
2014D'Angelo RussellOhio StateLos Angeles Lakers
75%
2018Darius GarlandVanderbiltCleveland Cavaliers
75%
2016De'Aaron FoxKentuckySacramento Kings
75%
2017Deandre AytonArizonaPortland Trail Blazers
75%
2013Demetrius JacksonNotre DameFree Agent
75%
2014Devin BookerDukePhoenix Suns
75%
2015Deyonta DavisMichigan StateGoyang Sono Skygunners - South Korea
75%
2016Frank JacksonDukeShanxi Loongs - China
75%
2015Jalen BrunsonVillanovaNew York Knicks
75%
2017Jaren Jackson Jr.Michigan StateMemphis Grizzlies
75%
2015Jaylen BrownCaliforniaBoston Celtics
75%
2016Jayson TatumDukeBoston Celtics
75%
2018Jordan BrownNevada / Arizona / Louisiana / MemphisMemphis Tigers
75%
2019Josh GreenArizonaDallas Mavericks
75%
2016Josh JacksonKansasFree Agent
75%
2019Josiah-Jordan JamesTennesseeTennessee Volunteers
75%
2014Justin JacksonNorth CarolinaTexas Legends
75%
2018Keldon JohnsonKentuckySan Antonio Spurs
75%
2017Kevin Knox IIKentuckyDetroit Pistons
75%
2016Kobi SimmonsArizonaRaptors 905
75%
2016Markelle FultzWashingtonOrlando Magic
75%
2013Matt JonesDukeRetired
75%
2011Michael Carter-WilliamsSyracuseCapitanes de Ciudad de México
75%
2017Michael Porter Jr.MissouriDenver Nuggets
75%
2018Moses BrownUCLAPortland Trail Blazers / Rip City Remix
75%
2014Myles TurnerTexasIndiana Pacers
75%
2010Perry JonesBaylorKaohsiung Aquas - Taiwan
75%
2017Quade GreenKentucky / WashingtonCentauros de Portuguesa - Venezuela
75%
2016Sacha Killeya-JonesKentuckyBilbao Basket - Spain
75%
2014Stanley JohnsonArizonaStockton Kings
75%
2010Terrence JonesKentuckyFree Agent
75%
2019Trayce Jackson-DavisIndianaGolden State Warriors
75%
2018Tre JonesDukeSan Antonio Spurs
75%
2017Troy Brown Jr.OregonMinnesota Timberwolves
75%
2014Tyus JonesDukeWashington Wizards
75%
2013Aaron GordonArizonaDenver Nuggets
50%
2011Adonis ThomasMemphisBnei Herzliya Basket - Israel
50%
2016Bam AdebayoKentuckyMiami Heat
50%
2018Bol BolOregonPhoenix Suns
50%
2011Bradley BealFloridaPhoenix Suns
50%
2015Brandon IngramDukeNew Orleans Pelicans
50%
2018Cam ReddishDukeLos Angeles Lakers
50%
2013Chris WalkerFloridaOsceola Magic
50%
2018Coby WhiteNorth CarolinaChicago Bulls
50%
2019Cole AnthonyNorth CarolinaOrlando Magic
50%
2017Collin SextonAlabamaUtah Jazz
50%
2012Gary HarrisMichigan StateOrlando Magic
50%
2014Grayson AllenDukePhoenix Suns
50%
2010Harrison BarnesNorth CarolinaSacramento Kings
50%
2018Immanuel QuickleyKentuckyNew York Knicks
50%
2019Isaiah MobleyUSCCleveland Cavaliers / Cleveland Charge
50%
2019Isaiah StewartWashingtonDetroit Pistons
50%
2019Jaden McDanielsWashingtonMinnesota Timberwolves
50%
2019James WisemanMemphisDetroit Pistons
50%
2013James YoungKentuckyUniverso Treviso Basket - Italy
50%
2017Jarred VanderbiltKentuckyLos Angeles Lakers
50%
2016Jarrett AllenTexasCleveland Cavaliers
50%
2010John AdamsN/ARetired
50%
2014Karl-Anthony TownsKentuckyMinnesota Timberwolves
50%
2012Kyle AndersonUCLAMinnesota Timberwolves
50%
2017Lonnie Walker IVMiamiBrooklyn Nets
50%
2016Lonzo BallUCLAChicago Bulls
50%
2015Malachi RichardsonSyracusePelita Jaya Basketball Club - Indonesia
50%
2012Marcus SmartOklahoma StateMemphis Grizzlies
50%
2011Michael Kidd-GilchristKentuckyRetired
50%
2016Miles BridgesMichigan StateCharlotte Hornets
50%
2017Mitchell RobinsonN/ANew York Knicks
50%
2017M.J. WalkerFlorida StateSaint-Quentin Basket-Ball - France
50%
2018Nassir LittleNorth CarolinaPhoenix Suns
50%
2018Naz ReidLSUMinnesota Timberwolves
50%
2017Nick RichardsKentuckyCharlotte Hornets
50%
2010Patric YoungFloridaRetired
50%
2018Quentin GrimesKansas / HoustonNew York Knicks
50%
2019Samuell WilliamsonLouisville / SMUSMU Mustangs
50%
2010Tobias HarrisTennesseePhiladelphia 76ers
50%
2017Trae YoungOklahomaAtlanta Hawks
50%
2019Tre MannFloridaOklahoma City Thunder
50%
2019Tyrese MaxeyKentuckyPhiladelphia 76ers
50%
2017Wendell Carter Jr.DukeOrlando Magic
50%
2019Wendell Moore Jr.DukeMinnesota Timberwolves
50%
2018Zion WilliamsonDukeNew Orleans Pelicans
50%
2013Aaron HarrisonKentuckyFC Porto - Portugal
25%
2015Allonzo TrierArizonaFree Agent
25%
2013Andrew HarrisonKentuckyP.A.O.K. BC - Greece
25%
2012Anthony BennettUNLVFree Agent
25%
2015Antonio BlakeneyLSUNanjing Monkey Kings - China
25%
2013Bobby PortisArkansasMilwaukee Bucks
25%
2010Brandon KnightKentuckyPiratas de Quebradillas - Puerto Rico
25%
2015Caleb SwaniganPurdueDeceased
25%
2015Cheick DialloKansasKyoto Hannaryz - Japan
25%
2011Cody ZellerIndianaNew Orleans Pelicans
25%
2010Cory JosephTexasGolden State Warriors
25%
2015Dwayne BaconFlorida StateShanghai Sharks - China
25%
2014Emmanuel MudiayN/ACangrejeros de Santurce - Puerto Rico
25%
2013Jabari BirdCaliforniaRajawali Medan - Indonesia
25%
2013Jabari ParkerDukeFC Barcelona - Spain
25%
2013Jarell MartinLSUGalatasaray S.K. - Turkey
25%
2019Jeremiah Robinson-EarlVillanovaNew Orleans Pelicans
25%
2016Joshua LangfordMichigan StateMadison Academy Mustangs - (Assistant Coach)
25%
2013Julius RandleKentuckyNew York Knicks
25%
2014Justise WinslowDukeRaptors 905
25%
2013Kasey HillFloridaFree Agent
25%
2014Kelly Oubre Jr.KansasPhiladelphia 76ers
25%
2011Kentavious Caldwell-PopeGeorgiaDenver Nuggets
25%
2010Kyrie IrvingDukeDallas Mavericks
25%
2016Malik MonkKentuckySacramento Kings
25%
2013Marcus LeeKentucky / CaliforniaTasmania JackJumpers - Australia
25%
2011Marshall PlumleeDukeRetired
25%
2017Mo BambaTexasPhiladelphia 76ers
25%
2019Nico MannionArizonaSaski Baskonia - Spain
25%
2015PJ DozierSouth CarolinaKK Partizan - Serbia
25%
2017P.J. WashingtonKentuckyCharlotte Hornets
25%
2019Precious AchiuwaMemphisToronto Raptors
25%
2018RJ BarrettDukeNew York Knicks
25%
2018Romeo LangfordIndianaSalt Lake City Stars
25%
2014Theo PinsonNorth CarolinaTexas Legends
25%
2016T.J. LeafUCLABeijing Ducks - China
25%
2016Tony BradleyNorth CarolinaTexas Legends
25%
2012Tony ParkerUCLARetired
25%
2016Zach CollinsGonzagaSan Antonio Spurs
25%
2012Alex PoythressKentuckyOlimpia Milano - Italy
0%
2016Alterique GilbertConnecticut / Wichita StateCS Rapid București - Romania
0%
2012Amile JeffersonDukeBoston Celtics - (Assistant Coach)
0%
2013Anthony BarberNC StateFC Porto - Portugal
0%
2012Archie GoodwinKentuckyEberlein Drive - TBT
0%
2019Armando BacotNorth CarolinaNorth Carolina Tar Heels
0%
2011Austin RiversDukeFree Agent
0%
2017Billy PrestonN/AFree Agent
0%
2011Branden DawsonMichigan StateFree Agent
0%
2012Brandon AshleyArizonaAltiri Chiba - Japan
0%
2017Brandon McCoyUNLVSioux Falls Skyforce
0%
2017Brian BowenN/AFree Agent
0%
2019Bryan AntoineVillanova / RadfordRadford Highlanders
0%
2012Cameron RidleyTexasBumi Borneo Pontianak - Indonesia
0%
2015Carlton Bragg Jr.Kansas / New MexicoAl Nassr BC - Saudi Arabia
0%
2011Chane BehananLouisvilleSanteros de Aguada - Puerto Rico
0%
2015Chase JeterDuke / ArizonaRetired
0%
2017Chuck O'Bannon Jr.USC / TCUTCU Horned Frogs
0%
2010C.J. LeslieNC StateAl-Nasr - Saudi Arabia
0%
2012DaJuan ColemanSyracuseKK Zlatorog Laško - Slovenia
0%
2010Daniel PalkaGeorgia TechFree Agent - Baseball
0%
2018Darius BazleyN/ADelaware Blue Coats
0%
2018David McCormackKansasGalatasaray S.K. - Turkey
0%
2015Dedric LawsonMemphis / KansasFree Agent
0%
2018Devon DotsonKansasCapital City Go-Go
0%
2012Devonta PollardAlabama / East Mississippi CC / HoustonEnsenada Lobos - Mexico
0%
2016Dewan HernandezMiamiCangerjeros de Santurce - Puerto Rico
0%
2015Diamond StoneMarylandFree Agent
0%
2010Doron LambKentuckyUS Monastir - Tunisia
0%
2018E.J. MontgomeryKentuckyAomori Wat's - Japan
0%
2010Fab MeloSyracuseDeceased
0%
2017Gary Trent Jr.DukeToronto Raptors
0%
2012Grant JerrettArizonaUtsunomiya Brex - Japan
0%
2015Henry EllensonMarquetteIbaraki Robots - Japan
0%
2013Isaac HamiltonUCLABC Cherkaski Mavpy - Ukraine
0%
2012Isaiah AustinBaylorEnemies - BIG3
0%
2015Isaiah BriscoeKentuckyMaroussi B.C. - Greece
0%
2013Isaiah HicksNorth CarolinaFree Agent
0%
2014Isaiah WhiteheadSeton HallIroni Ness Ziona B.C. - Israel
0%
2015Ivan RabbCaliforniaFree Agent
0%
2014Jahlil OkaforDukeBasket Zaragoza - Spain
0%
2018Jahvon QuinerlyVillanova / Alabama / MemphisMemphis Tigers
0%
2014James Blackmon Jr.IndianaFree Agent
0%
2011James Michael McAdooNorth CarolinaSun Rockers Shibuya - Japan
0%
2010Jared SullingerOhio StateShenzhen Leopards - China
0%
2015Jawun EvansOklahoma StateŚląsk Wrocław - Poland
0%
2017Jaylen HandsUCLAPeristeri B.C. - Greece
0%
2010JayVaughn PinkstonVillanovaFree Agent
0%
2010Jelan KendrickOle Miss / Indian Hills CC / UNLVYamaguchi Pats Five - Japan
0%
2010Jereme RichmondIllinoisObras Sanitarias - Argentina
0%
2014Joel Berry IINorth CarolinaRetired
0%
2011Johnny O'Bryant IIILSUIbaraki Robots - Japan
0%
2019Kahlil WhitneyKentuckyWindy City Bulls
0%
2010Keith ApplingMichigan StateImprisoned
0%
2013Keith FrazierSMU / North Texas / UTEPRetired
0%
2010Kendall MarshallNorth CarolinaRetired
0%
2013Kennedy MeeksNorth CarolinaTaoyuan Pauian Pilots - Taiwan
0%
2014Kevon LooneyUSCGolden State Warriors
0%
2011Khem BirchPittsburgh / UNLVFree Agent
0%
2012Kris DunnProvidenceUtah Jazz
0%
2017Kris WilkesUCLARetired
0%
2016Kyle GuyVirginiaPanathinaikos B.C. - Greece
0%
2011Kyle WiltjerKentucky / GonzagaReyer Venezia - Italy
0%
2011Le'Bryan NashOklahoma StateRetired
0%
2018Louis KingOregonSouth Bay Lakers
0%
2015Luke KennardDukeMemphis Grizzlies
0%
2015Malik NewmanMississippi State / KansasZhejiang Golden Bulls - China
0%
2012Marcus PaigeNorth CarolinaNorth Carolina Tar Heels - (Director of Team & Player Development)
0%
2016Marques BoldenDukeMilwaukee Bucks / Wisconsin Herd
0%
2011Marquis TeagueKentuckyFree Agent
0%
2019Matthew HurtDukeMemphis Hustle
0%
2014Melo TrimbleMarylandPBC CSKA Moscow - Russia
0%
2011Myck KabongoTexasScarborough Shooting Stars - Canada
0%
2013Nigel Williams-GossWashington / GonzagaOlympiacos B.C. - Greece
0%
2013Noah VonlehIndianaFree Agent
0%
2019Oscar TshiebweWest Virginia / KentuckyIndiana Pacers / Fort Wayne Mad Ants
0%
2012Perry EllisKansasFukui Blowinds - Japan
0%
2011P.J. HairstonNorth CarolinaRetired
0%
2011Quinn CookDukeFree Agent
0%
2011Rakeem ChristmasSyracuseFree Agent
0%
2014Rashad VaughnUNLVApollon Patras B.C. - Greece
0%
2012Rasheed SulaimonDuke / MarylandBC Wolves - Lithuania
0%
2010Reggie BullockNorth CarolinaHouston Rockets
0%
2018Reggie PerryMississippi StateZhejiang Golden Bulls - China
0%
2014Reid TravisKentuckyIndiana Mad Ants
0%
2012Rodney PurvisNC State / ConnecticutBC Spartak Pleven - Bulgaria
0%
2013Rondae Hollis-JeffersonArizonaTNT Tropang Giga - Philippines
0%
2019Scottie LewisFloridaFree Agent
0%
2012Shabazz MuhammadUCLAFree Agent
0%
2011Shannon ScottOhio StateBrisbane Bullets - Australia
0%
2012Shaquille GoodwinMemphisFree Agent
0%
2018Simisola ShittuVanderbiltLimoges CSP - France
0%
2015Stephen ZimmermanUNLVTaipei Fubon Braves - Taiwan
0%
2016Terrance FergusonN/ACape Town Tigers - South Africa
0%
2015Thomas BryantIndianaMiami Heat
0%
2014Thomas WelshUCLALevanga Hokkaido - Japan
0%
2012T.J. WarrenNC StateFree Agent
0%
2019Trendon WatfordLSUBrooklyn Nets
0%
2017Trevon DuvalDukeManisa BB - Turkey
0%
2014Trey LylesKentuckySacramento Kings
0%
2012Tyler LewisNC State / ButlerRetired
0%
2014Tyler UlisKentuckyKentucky Wildcats - (Assistant Coach)
0%
2016Udoka AzubuikeKansasPhoenix Suns
0%
2019Vernon Carey Jr.DukeKarşıyaka Basket - Turkey
0%
2016V.J. KingLouisvilleHamburg Towers - Germany
0%
2011Wayne BlackshearLouisvilleFree Agent
0%
2013Wayne Selden Jr.KansasGigantes de Carolina - Puerto Rico
0%
2012Yogi FerrellIndianaKK Budućnost - Montenegro
0%

Score Distribution

Percentile by Number Answered

Percent of People with Each Score

Your Score History

You have not taken this quiz